| 000 | 01228cam a2200325 i 4500 | ||
|---|---|---|---|
| 001 | 17626322 | ||
| 003 | NUST - PNEC | ||
| 005 | 20170116180749.0 | ||
| 008 | 130214s2012 maua b 001 0 eng | ||
| 010 | _a 2012540042 | ||
| 020 | _a9781608071005 (hardcover) | ||
| 020 | _a1608071006 (hardcover) | ||
| 040 | _cLIBRARY | ||
| 042 | _apcc | ||
| 050 | 0 | 0 |
_aTA1570 _b.D75 2012 |
| 082 | _a621.36 DRI | ||
| 100 | 1 | _aDriggers, Ronald G. | |
| 245 | 1 | 0 |
_aIntroduction to infrared and electro-optical systems / _cRonald G. Driggers, Melvin H. Friedman, Jonathan Nichols. |
| 246 | 3 | 0 | _aInfrared and electro-optical systems |
| 250 | _aSecond edition. | ||
| 260 |
_aNorwood : _bArtech House, _cc2012 |
||
| 300 |
_axiv, 583 pages : _billustrations ; _c24 cm |
||
| 504 | _aIncludes bibliographical references and index. | ||
| 650 | 0 |
_aInfrared technology. _xMIS, EE |
|
| 650 | 0 | _aElectrooptical devices. | |
| 856 | _uhttp://www.amazon.com/Introduction-Infrared-Electro-Optical-Systems-Sensing/dp/1608071006/ref=sr_1_1?s=books&ie=UTF8&qid=1425449648&sr=1-1&keywords=1608071006 | ||
| 906 |
_a7 _bcbc _corigcop _d3 _encip _f20 _gy-gencatlg |
||
| 942 |
_2ddc _cBK |
||
| 999 |
_c62480 _d62480 |
||